000 nam a22 a 4500
999 _c186658
_d186658
003 BLK
005 20221130171836.0
008 180411b bul|||||r ||||||| ||bul||
010 _aKNG00195654000
040 _aBLK
041 _aBUL
_cBUL
080 _aНаказателен процес-Обвинение,водене на следствието,страни,иск,дознание,обвинителни и защитни речи.Доказателства.Резултати от експертизата(Вж и 340.6).Присъда и обжалване.Длъжностни лица
_b343.1
_x(075.81)
_z343.1(075.81)
100 1 _aПавлов, Стефан Георгиев
_eпърви автор
_9364551
139 _aПавлов, Стефан Георгиев
_bП 13
245 1 0 _aНаказателен процес на Народна република България
_bУчебник за студентите-юристи
_cСтефан Георгиев Павлов
250 _a3. изд.
257 _aBGR
260 _aСофия
_bНаука и изкуство
_c1979
300 _a824 с.
_c22 см
380 _a3
500 _a1. изд. 1959.
504 _a Библиогр. с. 806-814.
650 4 _aНаказателен процес - България - учебници за ВУЗ
_9256772
852 _aЦб 98942
_bЦб
856 4 _qpdf
_i0.00
_ldisable
942 _cKNG
_n0
_s1
944 _aCR
_c10.11.2016
_kГрета_Цуфелде
944 _aED
_c10.11.2016
_kГрета_Цуфелде